000 00267nam a22001097a 4500
082 _a297.122591439
_bQUR
245 _aقرآن مجید
260 _alahore,
_bTaj company,
_c2000.
300 _a1012p.
526 _a0
_b0
_c0
_d297_122591439000000_QUR
942 _2ddc
_cBK
999 _c553792
_d553792